Genetika na prahu 21. storočia

Uložené v:
Podrobná bibliografia
Hlavný autor: Hončariv, Róbert
Médium: Kniha
Jazyk:Slovak
Vydavateľské údaje: Bratislava Obzor 1985
Edícia:Ľudstvo na prahu 21. storočia
Tagy: Pridať tag
Žiadne tagy, Buďte prvý, kto otaguje tento záznam!

MARC

LEADER 00000nam a2200000 4500
001 c108613
005 20221128065811.9
041 0 |a slo 
044 |a SK 
245 1 0 |a Genetika na prahu 21. storočia  |c Róbert Hončariv 
264 1 |a Bratislava  |b Obzor  |c 1985 
300 |a 314 s. 
490 1 |a Ľudstvo na prahu 21. storočia 
830 0 |a Ľudstvo na prahu 21. storočia 
100 1 |a Hončariv, Róbert